|
|
|
|
| LEADER |
00000cam a2200000 i 4500 |
| 001 |
vtls009632595 |
| 003 |
SK-MaSNL |
| 005 |
20260301130130.0 |
| 008 |
170420s1994 xo rp 000 slo |
| 020 |
|
|
|a 8008021179
|
| 035 |
|
|
|a (SVKBBclas03)vtls000006367
|
| 035 |
|
|
|a urn:nbn:sk:snk-amlj2y
|
| 035 |
|
|
|a urn:nbn:sk:snk-am00boqw
|
| 035 |
|
|
|a 481DE6F6-3C06-45F0-AAC1-BEFDCFC93511
|
| 040 |
|
|
|a SNK
|b slo
|c SNK
|e AACR2
|
| 041 |
0 |
|
|a slo
|
| 044 |
|
|
|a xo
|c SK
|
| 072 |
|
7 |
|a 658
|x Riadenie a správa podniku
|2 konspekt
|
| 080 |
|
|
|a 658
|2 2011
|
| 080 |
|
|
|a (075.3)
|2 2011
|
| 245 |
0 |
0 |
|a Ekonomika pre 4. ročník obchodných akadémií
|c Oto Sobek a kol.
|
| 250 |
|
|
|a 1. vyd.
|
| 260 |
|
|
|a Bratislava
|b Slovenské pedagogické nakladateľstvo
|c 1994
|
| 300 |
|
|
|a 203 s.
|b tab., sch.
|
| 650 |
0 |
7 |
|a podniková ekonomika
|2 SNKPH
|9 3955
|
| 655 |
|
7 |
|a učebnice stredných škôl
|2 SNKPH
|9 69323
|
| 700 |
1 |
|
|a Sobek, Otto,
|c prof.,
|c Ing,
|4 aut
|9 477143
|
| 919 |
|
|
|a 8008021179
|
| 958 |
|
|
|a OND
|
| 999 |
|
|
|c 744539
|d 746469
|
| 952 |
|
|
|a SNK
|b SNK
|y PREZ
|7 0
|p 17A0905636
|o snkSB 52713
|0 0
|1 0
|4 0
|d 2012-07-17
|f 1
|l 0
|r 2025-03-18 00:00:00
|w 2026-02-23
|
| 952 |
|
|
|t P60, <04>, [BOOK], {604}
|a SNK
|b SNK
|y VYP
|7 0
|p 17A0031026
|o snkSB 52713 D1
|0 0
|1 0
|4 0
|d 1997-01-15
|l 0
|r 2004-12-31 00:00:00
|w 2026-02-23
|